Представление документа в формате MARC21

Поле Инд. ПП Название Значение
Тип записи a
Библиографический уровень b
001 Контрольный номер RU/IS/BASE/231930022
005 Дата корректировки 20200610181735.4
008 Кодируемые данные 20070508
040 b Код языка каталог. rus
e Правила каталог. PSBO
041 0_ a Код языка текста rus
084 a Индекс другой классификации/Индекс ББК 60.033.145.2
100 1_ a Автор Семенов В. С.
q Полное имя Семенов Вадим Сергеевич
245 10 a Заглавие О путях прогрессивного развития российского общества и цивилизации в XXI веке
504 a Библиография Библиогр. ссылки
650 a Основная рубрика социальная философия
a Основная рубрика философия
a Основная рубрика философия истории
653 a Ключевые слова гуманизм
a Ключевые слова духовное возрождение
a Ключевые слова капиталистические страны
a Ключевые слова культурное возрождение
a Ключевые слова наука
a Ключевые слова нация
a Ключевые слова общественное развитие
a Ключевые слова общественный кризис
a Ключевые слова развивающиеся страны
a Ключевые слова российская цивилизация
a Ключевые слова российское общество
a Ключевые слова Россия
a Ключевые слова современное общество
a Ключевые слова социальное неравенство
a Ключевые слова социальный кризис
a Ключевые слова столкновение цивилизаций
a Ключевые слова цивилизационное развитие
a Ключевые слова экологический кризис
773 0_ t Заглавие источника Вопросы философии
d Дата издания источника 2007
g Прочая информация № 4. - С. 94 - 113
w Контрольный № источника RU/IS/BASE/230823453
901 t Тип документа b